000 00506nam a2200193Ia 4500
003 OSt
005 20260109134451.0
008 210716s9999 xx 000 0 und d
040 _cAIMIT LIBRARY
041 _aeng
082 _a006.45
_21
_bSOUN
245 _aSound blaster /
250 _a1st ed.
300 _aix,I-4p. ;
_bPB
_c21.4 cm
650 _aCreative ensemble AV
_9250849
650 _aCreative mosaic
_9250850
650 _aFM intelligent organ
_9250851
942 _2ddc
_cBK
_e1st
_k006.45 SOUN
999 _c187526
_d187526